Motion graphics with Adobe Creative Suite 5 studio techniques / (رقم التسجيلة. 26440)

تفاصيل مارك
000 -الفاتح
حقل البيانات ثابتة الطول 01196cam a22003377a 4500
001 - رقم الضبط
رقم الضبط 16697289
003 - محدد رقم الضبط
رقم الضبط OSt
005 - وقت وتاريخ اخر تعامل مع التسجيلة
رقم الضبط 20150408114104.0
008 - عناصر البيانات ثابتة الطول - معلومات عامة
حقل البيانات ثابتة الطول 110318s2011 caua 001 0 eng
010 ## - رقم ضبط مكتبة الكونجرس
رقم ضبط مكتبة الكونجرس 2011281099
015 ## - رقم الببليوجرافية الوطنية
رقم الببليوجرافية الوطنية GBB069888
المصدر bnb
016 7# - رقم ضبط الوكاله الوطنية للضبط الببليوجرافي
رقم ضبط التسجيلة 015571886
المصدر Uk
020 ## - الرقم الدولى المعيارى للكتب
الرقم الدولى المعيارى للكتاب 9780321719690 (pbk.)
020 ## - الرقم الدولى المعيارى للكتب
الرقم الدولى المعيارى للكتاب 0321719697 (pbk.)
035 ## - رقم ضبط النظام
رقم ضبط النظام (OCoLC)ocn609530786
040 ## - مصدر الفهرسة
وكالة الفهرسة الأصلية UKM
وكالة النسخ UKM
وكالة التعديل BTCTA
-- YDXCP
-- C#P
-- BWX
-- DLC
042 ## - رمز التحقق
رمز التحقق lccopycat
050 00 - رقم طلب مكتبة الكونجرس
رقم التصنيف TR897.7
رقم المادة .H3715 2011
082 04 - رقم تصنيف ديوى العشرى
رقم التصنيف 006.696
رقم الطبعة 22
رقم المادة HRM
100 1# - المدخل الرئيسى - إسم شخصى
الإسم الشخصى Harrington, Richard,
التواريخ المصاحبة للاسم 1972-
9 (RLIN) 18335
245 10 - بيان العنوان
العنوان Motion graphics with Adobe Creative Suite 5 studio techniques /
بيان المسئوليه,etc Richard Harrington and Ian Robinson.
260 ## - PUBLICATION, DISTRIBUTION, ETC. (IMPRINT)
مكان الناشر او الموزع Berkeley, CA :
اسم الناشر او الموزع Peachpit,
تاريخ النشر أو التوزيع c2011.
300 ## - الوصف المادى
التعداد xviii, 444 p. :
تفاصيل ماديه اخرى للوعاء ill. (chiefly col.) ;
أبعاد الوعاء 24 cm. +
المادة المصاحبة 1 DVD-ROM (4 3/4 in.)
500 ## - تبصرة عامة
تبصرة عامة Includes index.
650 #0 - المدخل الاضافى بالموضوع-مصطلح موضوعى
مصطلح موضوعي أو اسم جغرافي كعنصر مدخل Animation (Cinematography)
9 (RLIN) 18336
650 #0 - المدخل الاضافى بالموضوع-مصطلح موضوعى
مصطلح موضوعي أو اسم جغرافي كعنصر مدخل Computer graphics.
700 1# - المدخل الاضافى - اسم شخصى
الإسم الشخصى Robinson, Ian.
9 (RLIN) 18337
906 ## - عنصر بيانات محلى F, LDF (RLIN)
a 7
b cbc
c copycat
d 2
e ncip
f 20
g y-gencatlg
942 ## - عناصر المدخل الإضافي( كوها)
مصدر التصنيف او مخطط الترفيف Dewey Decimal Classification
Koha [default] item type DVD
المقتنيات
حالة الفقد نموذج السعر الفعال حالة تلف ليس للاعارة رقم الطلب تاريخ الاكتساب الموقع الحالي الباركود الفرع الرئيسي Date last seen نوع المادة فى نظام كوها مصدر التصنيف او خطة الترفيف Total Checkouts رقم النسخة
  2013-03-10     006.696 HRM 2012-12-24 المكتبة المركزية بالمجمعة (CL) 00401274 المكتبة المركزية بالمجمعة (CL) 2013-03-10 كتاب Dewey Decimal Classification    
  2013-03-10     006.696 HRM 2013-01-01 المكتبة المركزية بالمجمعة (CL) 00401589 المكتبة المركزية بالمجمعة (CL) 2013-03-10 كتاب Dewey Decimal Classification    
  2013-03-10     006.696 HRM 2013-01-01 المكتبة المركزية بالمجمعة (CL) 00401595 المكتبة المركزية بالمجمعة (CL) 2013-03-10 كتاب Dewey Decimal Classification    
  2013-08-16     006.696 HRM 2013-08-16 المكتبة المركزية بالمجمعة (CL) 00450433 المكتبة المركزية بالمجمعة (CL) 2013-08-16 كتاب Dewey Decimal Classification   1
  2013-08-16     006.696 HRM 2013-08-16 المكتبة المركزية بالمجمعة (CL) 00450432 المكتبة المركزية بالمجمعة (CL) 2013-08-16 كتاب Dewey Decimal Classification   2
  2013-08-16   Not For Loan 006.696 HRM 2013-08-16 المكتبة المركزية بالمجمعة (CL) 00450431 المكتبة المركزية بالمجمعة (CL) 2013-08-16 كتاب Dewey Decimal Classification   3
  2013-08-19     006.696 HRM 2013-08-19 مكتبة مجمع الكليات بالزلفى - طلاب (SZM) 00450435 مكتبة مجمع الكليات بالزلفى - طلاب (SZM) 2013-08-19 كتاب Dewey Decimal Classification   1
  2013-08-19     006.696 HRM 2013-08-19 مكتبة مجمع الكليات بالزلفى - طلاب (SZM) 00450436 مكتبة مجمع الكليات بالزلفى - طلاب (SZM) 2013-08-19 كتاب Dewey Decimal Classification   2
  2013-08-19   Not For Loan 006.696 HRM 2013-08-19 مكتبة مجمع الكليات بالزلفى - طلاب (SZM) 00450434 مكتبة مجمع الكليات بالزلفى - طلاب (SZM) 2013-08-19 كتاب Dewey Decimal Classification   3